One Piece - que préfère ces personnages ? - Statistiques

Statistiques générales
  • Ce quiz a été pris 130 fois
    61 depuis la dernière actualisation
  • Le résultat moyen est 15 sur 43
Statistiques - réponses
Hint Réponse % Correct
Monkey D. Luffy Viandes
85%
Monkey D. Luffy Portgas D. Ace
70%
Monkey D. Luffy Sabo
68%
Monkey D. Luffy Devenir le roi des pirates
58%
Brook Laboon
55%
Vinsmoke Sanji Nami
55%
Roronoa Zoro Shimotsuki Kuina
55%
Nami Mandarine
53%
Roronoa Zoro Alcool
50%
Tony Tony Chopper Barbe à papa
50%
Tony Tony Chopper Docteur Hiluluk
50%
Tony Tony Chopper Docteur Kureha
50%
Usopp Kaya
50%
Vinsmoke Sanji La Cuisine
50%
Franky Tom
50%
Roronoa Zoro Monkey D. Luffy
48%
Nami Monkey D. Luffy
48%
Nico Robin Monkey D. Luffy
48%
Nami Argent
45%
Nico Robin Haguar D. Sauro
40%
Franky Icebarg
40%
Vinsmoke Sanji Zeff
40%
Nami Bell-mère
38%
Vinsmoke Sanji Découvrir All Blue
38%
Nico Robin Ses livres
30%
Monkey D. Luffy Son Chapeau de Paille
30%
Nami dessiner la carte du monde
28%
Usopp Broggy / Dorry
23%
Brook Faire le tour du monde pour retrouver Laboon
23%
Roronoa Zoro Devenir le meilleur bretteur du monde
20%
Nico Robin Résoudre le mystère du siècle oublié
20%
Tony Tony Chopper Soigner toutes les maladies du monde
20%
Usopp Devenir un valeureux guerrier
18%
Usopp Vogue Merry
15%
Franky Thousand Sunny
8%
Usopp Son Kabuto
5%
Brook Sa coupe Afro
3%
Nico Robin Ses fleurs
3%
Roronoa Zoro Wado Ichimonji
3%
Franky Emmener le Sunny au bout de grand Line
0%
Tony Tony Chopper Le drapeau pirate d'Hiluluk
0%
Vinsmoke Sanji Ses mains
0%
Brook Son Tone Dial avec sa chanson
0%
Aucun quiz correspondant
Distribution des résultats
% des personnes avec chaque résultat
Percentile par nombre de réponses
Votre historique - résultats
Vous n’avez pas pris ce quiz depuis la dernière actualisation